[Event "SVK-chT2B 1516"]
[Site "Slovakia"]
[Date "2016.03.13"]
[Round "11.1"]
[White "Sopko, Rudolf"]
[Black "Papes, Milan"]
[Result "1-0"]
[WhiteElo "1858"]
[BlackElo "1437"]
[PlyCount "57"]
[EventDate "2015.10.17"]
[EventType "team-tourn"]
[EventRounds "11"]
[EventCountry "SVK"]
[SourceTitle "EXT 2019"]
[Source "ChessBase"]
[SourceDate "2018.10.10"]
[SourceVersion "1"]
[SourceVersionDate "2018.10.10"]
[SourceQuality "1"]
[WhiteTeam "Trencin PK"]
[BlackTeam "Podhajska Termal"]
[WhiteTeamCountry "SVK"]
[BlackTeamCountry "SVK"]

1. e4 e5 2. Bc4 Nc6 3. d3 Nf6 4. Bg5 Be7 5. Nf3 0-0 6. Nc3 d6 7. a3 Bg4 8. h3 Bxf3 9. Qxf3 Nd4 10. Qd1 a6 11. 0-0 Rb8 12. b4 b5 13. Ba2 c6 14. f4 Qb6 15. Kh1 exf4 16. Bxf4 Ne6 17. Bd2 Nd7 18. Rb1 Ne5 19. Ne2 Ng6 20. Bc3 Qc7 21. Qc1 Qd7 22. Qb2 f6 23. Qb3 d5 24. exd5 cxd5 25. Qxd5 Qxd5 26. Bxd5 Rb6 27. Nd4 Kf7 28. Nxe6 Rxe6 29. Rbe1 1-0